Spell the Marvel Character #388 - Statistics

General Stats
  • This quiz has been taken 10 times
  • The average score is 11 of 14
Answer Stats
Picture Answer % Correct
Captain America
100%
Emma Frost
100%
Nova
100%
Arana
89%
Echo
89%
Man-Thing
89%
Abigail Brand
78%
American Dream
78%
Energizer
78%
American Eagle
67%
Lightspeed
67%
Gravity
56%
Iso
56%
Red Widow
56%
No matching quizzes found
Score Distribution
Percent of People with Each Score
Percentile by Number Answered
Your Score History
You have not taken this quiz